Score 0/15 Timer 04:00
7 Plays Today
Question Answer % Correct
What is the name of the girl who went to Wonderland?Alice
97.8%
Author of 'Pride and Prejudice' Jane ________Austen
95.9%
'________ Karenina' by Leo TolstoyAnna
95.4%
Born in the Town Stratford-upon-________Avon
85.2%
Character: Professor ________ DumbledoreAlbus
81.3%
'Still I Rise' by Maya ________Angelou
81.2%
Actress in the movie adaptation ________ JuddAshley
70.5%
'An ________ Tragedy' by Theodore DreiserAmerican
65.2%
Question Answer % Correct
What is the name of Eddard Stark's youngest daughter?Arya Stark
63.8%
Who was the King that returned?Aragorn
56.6%
The protagonist in 'King Solomon's Mines' ________ QuartermainAllan
40.3%
Character: Haymitch ________Abernathy
34.4%
This book series is classified in the Fantasy or ________ genreAdventure
32.6%
'Looking for ________' by John GreenAlaska
28.6%
'When We Dead ________' by Henrik IbsenAwaken
14.8%
Remove Ads.
Support Sporcle.
Get the best of Sporcle when you Go Orange. This ad-free experience offers more features, more stats, and more fun while also helping to support Sporcle. Thank you for becoming a member.

You're not logged in!

Compare scores with friends on all Sporcle quizzes.
OR
Log In

Show Comments

Extras

Top Quizzes Today


Score Distribution

Your Account Isn't Verified!

In order to create a playlist on Sporcle, you need to verify the email address you used during registration. Go to your Sporcle Settings to finish the process.

Report this User

Report this user for behavior that violates our Community Guidelines.

Details: